ბათუმის შოთა რუსთაველის სახელმწიფო უნივერსიტეტის ბიბლიოთეკა

იყო ასეთი დღეები (ბიბ.ჩანაწერი № 49855)

000 -LEADER
fixed length control field 00834nam a2200217Ia 4500
001 - CONTROL NUMBER
control field 16790
003 - CONTROL NUMBER IDENTIFIER
control field GE_BSU
008 - FIXED-LENGTH DATA ELEMENTS--GENERAL INFORMATION
fixed length control field 181216s||||||||xx |||||||||||||| ||und||
040 ## - CATALOGING SOURCE
Transcribing agency GE_BSU
080 ## - UNIVERSAL DECIMAL CLASSIFICATION NUMBER
Universal Decimal Classification number 355.486(47+57)"1941-1945
100 ## - MAIN ENTRY--PERSONAL NAME
Personal name თავართქილაძე, ნიკოლოზ
245 ## - TITLE STATEMENT
Title იყო ასეთი დღეები
245 ## - TITLE STATEMENT
Remainder of title 51-ე გვარდიული დივიზიის საბრძოლო ისტორიიდან
260 ## - PUBLICATION, DISTRIBUTION, ETC.
Place of publication, distribution, etc. თბილისი
260 ## - PUBLICATION, DISTRIBUTION, ETC.
Name of publisher, distributor, etc. საბჭ. საქართველო
260 ## - PUBLICATION, DISTRIBUTION, ETC.
Date of publication, distribution, etc. 1968
300 ## - PHYSICAL DESCRIPTION
Extent 299გვ. : პორტრ. ; 20სმ
653 ## - INDEX TERM--UNCONTROLLED
Uncontrolled term იყო ასეთი დღეები
653 ## - INDEX TERM--UNCONTROLLED
Uncontrolled term სსრ კავშირის დიდი სამამულო ომი
942 ## - ADDED ENTRY ELEMENTS (KOHA)
Koha item type წიგნი
ეგზემპლარები
Withdrawn status Lost status Damaged status Not for loan Date acquired Barcode Date last seen Price effective from Koha item type
        2018-12-17 22130 2018-12-17 2018-12-17 წიგნი